[Event "GER-chT U20"]
[Site "Naumburg Saale"]
[Date "2014.12.29"]
[Round "6.2"]
[White "Kieslich, Aaron"]
[Black "Mohit Rodriguez, Dario"]
[Result "1-0"]
[WhiteElo "1944"]
[BlackElo "1600"]
[PlyCount "51"]
[EventDate "2014.12.27"]
[EventType "team-swiss"]
[EventRounds "7"]
[EventCountry "GER"]
[SourceTitle "EXT 2016"]
[Source "ChessBase"]
[SourceDate "2015.10.08"]
[SourceVersion "1"]
[SourceVersionDate "2015.10.08"]
[SourceQuality "1"]
[WhiteTeam "Coswig TuS"]
[BlackTeam "Saarbruecken"]
[WhiteTeamCountry "GER"]
[BlackTeamCountry "GER"]

1. d4 Nf6 2. c4 g6 3. Nc3 d5 4. Nf3 Bg7 5. Bf4 0-0 6. Rc1 c6 7. e3 e6 8. Be2 Nbd7 9. 0-0 Re8 10. Qc2 dxc4 11. Bxc4 Nb6 12. Be2 Nbd5 13. Bg5 Qa5 14. e4 Nxc3 15. bxc3 c5 16. Rb1 cxd4 17. cxd4 a6 18. Rfc1 b5 19. Bxf6 Bxf6 20. Qc6 Bb7 21. Qxb7 Qxa2 22. Bf1 Be7 23. Qc6 Qa3 24. Ra1 Qd6 25. Qxd6 Bxd6 26. Rc6 1-0

[Event "Saarland-ch A 89th"]
[Site "Stennweiler"]
[Date "2014.04.18"]
[Round "8"]
[White "Welter, Bernhard"]
[Black "Mohit Rodriguez, Dario"]
[Result "1/2-1/2"]
[WhiteElo "1705"]
[BlackElo "1499"]
[PlyCount "73"]
[EventDate "2014.04.11"]
[EventType "swiss"]
[EventRounds "9"]
[EventCountry "GER"]
[SourceTitle "EXT 2016"]
[Source "ChessBase"]
[SourceDate "2015.10.08"]
[SourceVersion "1"]
[SourceVersionDate "2015.10.08"]
[SourceQuality "1"]

1. Nf3 d5 2. b3 Nc6 3. Bb2 Nf6 4. e3 Bf5 5. a3 a6 6. Be2 e6 7. 0-0 Bd6 8. c4 Qe7 9. d3 0-0 10. Nbd2 Rad8 11. Qc1 e5 12. cxd5 Nxd5 13. e4 Nf4 14. Re1 Bg4 15. g3 Ne6 16. Kg2 Nc5 17. Qc2 f5 18. h3 Bxf3+ 19. Nxf3 f4 20. g4 Kh8 21. b4 Ne6 22. Rad1 Ng5 23. Bf1 Nxf3 24. Kxf3 a5 25. b5 Na7 26. a4 c6 27. bxc6 Nxc6 28. Qc4 Bb4 29. Re2 Rd4 30. Qb5 Qf7 31. Rc2 Qb3 32. Rdc1 Rd7 33. Kg2 Qe6 34. Be2 Qf6 35. Kh2 f3 36. Bf1 Qf4+ 37. Kg1 1/2-1/2

[Event "Saarland-ch A 89th"]
[Site "Stennweiler"]
[Date "2014.04.13"]
[Round "3"]
[White "Leick, Christian"]
[Black "Mohit Rodriguez, Dario"]
[Result "1/2-1/2"]
[WhiteElo "1697"]
[BlackElo "1499"]
[PlyCount "88"]
[EventDate "2014.04.11"]
[EventType "swiss"]
[EventRounds "9"]
[EventCountry "GER"]
[SourceTitle "EXT 2016"]
[Source "ChessBase"]
[SourceDate "2015.10.08"]
[SourceVersion "1"]
[SourceVersionDate "2015.10.08"]
[SourceQuality "1"]

1. e4 c5 2. d4 cxd4 3. Nf3 d6 4. Nxd4 Nf6 5. Nc3 a6 6. Bg5 Bd7 7. f4 Nc6 8. Qd2 Rc8 9. 0-0-0 h6 10. Bh4 Qc7 11. Bxf6 gxf6 12. Be2 h5 13. Kb1 b5 14. Nd5 Qb7 15. Bf3 Bg7 16. Ne3 Nxd4 17. Qxd4 Qc7 18. Qd3 Be6 19. c3 Bc4 20. Nxc4 Qxc4 21. g4 hxg4 22. Bxg4 Qxd3+ 23. Rxd3 Rc4 24. Rd4 Rxd4 25. cxd4 f5 26. Bxf5 Bxd4 27. Bc8 a5 28. h3 Rh4 29. Bg4 e6 30. Rd1 Bc5 31. f5 Ke7 32. Kc2 Rh8 33. Rd3 Rc8 34. Kd1 Rg8 35. b3 Kf6 36. Ke2 Rc8 37. Rc3 b4 38. Rc2 Rc7 39. h4 Bb6 40. Rxc7 Bxc7 41. Kd3 Ke5 42. h5 Kf6 43. fxe6 fxe6 44. h6 Kg6 1/2-1/2

[Event "Lorraine-ch"]
[Site "Hayange"]
[Date "2013.05.19"]
[Round "5"]
[White "Nonnenmacher, Daniel"]
[Black "Mohit Rodriguez, Dario"]
[Result "1-0"]
[WhiteElo "1700"]
[BlackElo "1440"]
[PlyCount "29"]
[EventDate "2013.05.17"]
[EventType "swiss"]
[EventRounds "7"]
[EventCountry "FRA"]
[SourceTitle "EXT 2014"]
[Source "ChessBase"]
[SourceDate "2013.11.20"]
[SourceVersion "1"]
[SourceVersionDate "2013.11.20"]
[SourceQuality "1"]

1. d4 d5 2. c4 e6 3. Nf3 Nf6 4. Bg5 h6 5. Bf4 c5 6. Nc3 cxd4 7. Nxd4 Bb4 8. Bd2 a6 9. Qa4+ Nbd7 10. Qxb4 a5 11. Qb3 Qb6 12. e3 Qb4 13. Qxb4 axb4 14. Ncb5 e5 15. Nc7+ 1-0